[Event "EU-ch Seniors 12th"]
[Site "Kaunas"]
[Date "2012.08.18"]
[Round "1"]
[White "Petrovs, Aleksandrs"]
[Black "Skuja, Aivars"]
[Result "0-1"]
[WhiteElo "1766"]
[BlackElo "2157"]
[PlyCount "68"]
[EventDate "2012.08.18"]
[EventType "swiss"]
[EventRounds "9"]
[EventCountry "LTU"]
[SourceTitle "CBM 150 Extra"]
[Source "ChessBase"]
[SourceDate "2012.10.19"]
[SourceVersion "1"]
[SourceVersionDate "2012.10.19"]
[SourceQuality "1"]

1. e4 e6 2. d4 d5 3. Nd2 c5 4. exd5 Qxd5 5. dxc5 Bxc5 6. Ngf3 Nf6 7. Bc4 Qd6 8. 0-0 0-0 9. Nb3 Rd8 10. Bg5 Bxf2+ 11. Kh1 Qxd1 12. Raxd1 Bb6 13. Bxf6 Rxd1 14. Rxd1 gxf6 15. Nc5 Kg7 16. Ne4 Bd7 17. Rd3 Bc6 18. Nfd2 Bc7 19. Rh3 Nd7 20. Bd3 Ne5 21. Rg3+ Ng6 22. Rh3 Rd8 23. Kg1 h6 24. Ng3 Bb6+ 25. Kf1 Bxg2+ 26. Kxg2 Nf4+ 27. Kf3 Nxh3 28. Nh5+ Kf8 29. Nxf6 Ke7 30. Ng4 f5 31. Ne5 Kf6 32. Nec4 Ng1+ 33. Kg2 Rg8+ 34. Kf1 Bc7 0-1

[Event "Lubuska Wiosna op 4th"]
[Site "Gorzow Wielkopolski"]
[Date "2008.03.24"]
[Round "8"]
[White "Pytel, Bozena"]
[Black "Petrovs, Aleksandrs"]
[Result "1-0"]
[WhiteElo "2004"]
[BlackElo "1789"]
[PlyCount "129"]
[EventDate "2008.03.20"]
[EventType "swiss"]
[EventRounds "9"]
[EventCountry "POL"]
[SourceTitle "CBM 123 Extra"]
[Source "ChessBase"]
[SourceDate "2008.05.06"]
[SourceVersion "1"]
[SourceVersionDate "2008.05.06"]
[SourceQuality "1"]

1. Nf3 Nf6 2. d4 c5 3. c4 e6 4. Nc3 cxd4 5. Nxd4 a6 6. e3 Be7 7. Be2 d6 8. 0-0 0-0 9. b3 Qc7 10. Bb2 b6 11. Rc1 Bb7 12. Bf3 Nbd7 13. Qe2 Rac8 14. Rfd1 Rfd8 15. Bxb7 Qxb7 16. e4 Qc7 17. Kh1 Ne8 18. Nc2 Bf6 19. Ne3 g6 20. Ng4 Bg7 21. Qe3 Ndf6 22. Nxf6+ Nxf6 23. f3 Nd7 24. Ba3 Nc5 25. Rc2 Rd7 26. g3 Bf8 27. Bb2 Bg7 28. Ne2 Bxb2 29. Rxb2 Rcd8 30. Rbd2 Qb7 31. Nc3 Qc6 32. h4 Kg7 33. Qd4+ f6 34. g4 h6 35. g5 hxg5 36. hxg5 e5 37. gxf6+ Kxf6 38. Nd5+ Kg7 39. Qe3 Rh8+ 40. Rh2 Rxh2+ 41. Kxh2 Ne6 42. Qxb6 Qc8 43. Qe3 Qh8+ 44. Kg2 g5 45. Rh1 Qd8 46. Qd2 Rf7 47. Ne3 Nf4+ 48. Kf1 Ng6 49. Nf5+ Kf6 50. Rh5 Nf4 51. Rh6+ Ng6 52. Qxd6+ Qxd6 53. Nxd6 Rf8 54. Kf2 g4 55. fxg4 Kg5+ 56. Nf5 Nf4 57. Rxa6 Kxg4 58. Ra7 Rd8 59. Rg7+ Kh5 60. Rh7+ Kg6 61. Rh6+ Kg5 62. c5 Rd2+ 63. Kg1 Kg4 64. Ra6 Rh2 65. Kxh2 1-0

[Event "Lubuska Wiosna op 4th"]
[Site "Gorzow Wielkopolski"]
[Date "2008.03.22"]
[Round "6"]
[White "Grabarczyk, Miroslaw"]
[Black "Petrovs, Aleksandrs"]
[Result "1-0"]
[WhiteElo "2476"]
[BlackElo "1789"]
[PlyCount "59"]
[EventDate "2008.03.20"]
[EventType "swiss"]
[EventRounds "9"]
[EventCountry "POL"]
[SourceTitle "CBM 123 Extra"]
[Source "ChessBase"]
[SourceDate "2008.05.06"]
[SourceVersion "1"]
[SourceVersionDate "2008.05.06"]
[SourceQuality "1"]

1. d4 Nf6 2. c4 e6 3. g3 Bb4+ 4. Bd2 Be7 5. Bg2 Nc6 6. d5 Ne5 7. Qb3 exd5 8. cxd5 0-0 9. Nf3 Nxf3+ 10. Bxf3 Rb8 11. 0-0 b6 12. Nc3 Bb7 13. Rac1 a6 14. Rfd1 d6 15. e3 Nd7 16. Qc2 Rc8 17. Bg2 c5 18. dxc6 Bxc6 19. Bxc6 Rxc6 20. Qe4 Rc8 21. Nd5 Bf6 22. Rxc8 Qxc8 23. Bc3 Qb8 24. Nxf6+ Nxf6 25. Bxf6 gxf6 26. Qg4+ Kh8 27. Qd4 Kg7 28. Qg4+ Kh8 29. Qf4 Kg7 30. Rxd6 1-0

[Event "Lubuska Wiosna op 4th"]
[Site "Gorzow Wielkopolski"]
[Date "2008.03.22"]
[Round "5"]
[White "Petrovs, Aleksandrs"]
[Black "Bartnicki, Pawel"]
[Result "1-0"]
[WhiteElo "1789"]
[BlackElo "2062"]
[PlyCount "109"]
[EventDate "2008.03.20"]
[EventType "swiss"]
[EventRounds "9"]
[EventCountry "POL"]
[SourceTitle "CBM 123 Extra"]
[Source "ChessBase"]
[SourceDate "2008.05.06"]
[SourceVersion "1"]
[SourceVersionDate "2008.05.06"]
[SourceQuality "1"]

1. e4 c5 2. Nf3 a6 3. d4 cxd4 4. Nxd4 Nf6 5. Bd3 e5 6. Nf3 Be7 7. 0-0 d6 8. c4 0-0 9. Nc3 Bg4 10. Bg5 Nc6 11. Be2 h6 12. Be3 Rb8 13. a3 Nd7 14. Nd5 f5 15. exf5 Bxf5 16. b4 Bf6 17. Ra2 e4 18. Nd4 Bxd4 19. Bxd4 Nxd4 20. Qxd4 Kh8 21. Rd2 Qg5 22. Rfd1 Ne5 23. Qe3 Qg4 24. Qg3 Qxg3 25. hxg3 Bg6 26. Nb6 Rf6 27. Rxd6 Rbf8 28. Rxf6 Rxf6 29. c5 Rf7 30. Nc4 Nxc4 31. Bxc4 Rc7 32. Rd6 Bf5 33. Bd5 a5 34. Rd8+ Kh7 35. Re8 Rd7 36. Bxe4 Bxe4 37. Rxe4 Rd1+ 38. Kh2 axb4 39. axb4 Rb1 40. g4 Kg8 41. Kg3 Kf7 42. Kf4 Kf6 43. Ke3 Rb3+ 44. Ke2 Rb2+ 45. Kd3 Rxf2 46. Kc4 Rxg2 47. Kb5 Rd2 48. Kb6 Rd7 49. c6 bxc6 50. Kxc6 Rd8 51. b5 Kg5 52. b6 h5 53. gxh5 Kxh5 54. b7 Rd1 55. Re5+ 1-0

[Event "Lubuska Wiosna op 4th"]
[Site "Gorzow Wielkopolski"]
[Date "2008.03.21"]
[Round "3"]
[White "Jaworowski, Andre"]
[Black "Petrovs, Aleksandrs"]
[Result "0-1"]
[WhiteElo "1678"]
[BlackElo "1789"]
[PlyCount "136"]
[EventDate "2008.03.20"]
[EventType "swiss"]
[EventRounds "9"]
[EventCountry "POL"]
[SourceTitle "CBM 123 Extra"]
[Source "ChessBase"]
[SourceDate "2008.05.06"]
[SourceVersion "1"]
[SourceVersionDate "2008.05.06"]
[SourceQuality "1"]

1. d4 Nf6 2. Nf3 e6 3. Bg5 h6 4. Bh4 Be7 5. e3 b6 6. Bd3 Bb7 7. 0-0 0-0 8. Nbd2 d6 9. e4 Nbd7 10. c4 e5 11. d5 Re8 12. Qe2 Nf8 13. Bxf6 Bxf6 14. h3 Ng6 15. Bc2 Nf4 16. Qd1 Qd7 17. Ba4 c6 18. dxc6 Bxc6 19. Bxc6 Qxc6 20. Ne1 Re6 21. Rc1 Be7 22. Kh2 Rg6 23. g3 Ne6 24. h4 Nd4 25. Nc2 Nxc2 26. Qxc2 Qd7 27. Qd1 Rf8 28. Nb1 f5 29. Qd5+ Kh8 30. exf5 Qxf5 31. f4 Qg4 32. Qf3 Qxf3 33. Rxf3 exf4 34. h5 Rg5 35. gxf4 Rxh5+ 36. Kg2 Rhf5 37. Rcf1 b5 38. Nd2 a6 39. b3 d5 40. cxd5 Rxd5 41. Ne4 Rdf5 42. Ng3 R5f7 43. Ne4 Bd8 44. Nd6 Rd7 45. Ne4 Bc7 46. Nc5 Rd2+ 47. R3f2 Rxf2+ 48. Rxf2 Bb6 49. b4 a5 50. a3 axb4 51. axb4 Rf5 52. Kf3 Bxc5 53. bxc5 Rxc5 54. Ra2 b4 55. Ra8+ Kh7 56. Rb8 Rc3+ 57. Ke2 b3 58. Kd1 Rf3 59. Rb4 Rg3 60. f5 h5 61. Ke1 Rf3 62. Rb5 b2 63. Rxb2 Rxf5 64. Rb4 Kh6 65. Rb6+ g6 66. Rb8 Kg5 67. Rh8 Kg4 68. Ke2 h4 0-1

[Event "Lubuska Wiosna op 4th"]
[Site "Gorzow Wielkopolski"]
[Date "2008.03.20"]
[Round "1"]
[White "Dragun, Kamil"]
[Black "Petrovs, Aleksandrs"]
[Result "1-0"]
[WhiteElo "2171"]
[BlackElo "1789"]
[PlyCount "63"]
[EventDate "2008.03.20"]
[EventType "swiss"]
[EventRounds "9"]
[EventCountry "POL"]
[SourceTitle "CBM 123 Extra"]
[Source "ChessBase"]
[SourceDate "2008.05.06"]
[SourceVersion "1"]
[SourceVersionDate "2008.05.06"]
[SourceQuality "1"]

1. e4 c5 2. Nf3 e6 3. Nc3 d6 4. d4 cxd4 5. Nxd4 a6 6. Be3 Nf6 7. f3 Qc7 8. Qd2 Nc6 9. 0-0-0 Be7 10. g4 Ne5 11. h4 b5 12. Bd3 Nc4 13. Bxc4 Qxc4 14. Kb1 Bb7 15. h5 0-0-0 16. Nb3 Qc7 17. a4 b4 18. Ne2 a5 19. Ned4 Ba6 20. Rc1 d5 21. e5 Nd7 22. f4 Nb6 23. Nxa5 Nxa4 24. Nac6 Bb7 25. Nb5 Qd7 26. Nxe7+ Qxe7 27. Nd6+ Rxd6 28. exd6 Qxd6 29. Qd4 Qa6 30. h6 e5 31. hxg7 Rg8 32. Qxb4 1-0

[Event "Lubuska Wiosna op 4th"]
[Site "Gorzow Wielkopolski"]
[Date "2008.03.20"]
[Round "2"]
[White "Petrovs, Aleksandrs"]
[Black "Demidowicz, Maria"]
[Result "0-1"]
[WhiteElo "1789"]
[BlackElo "2039"]
[PlyCount "114"]
[EventDate "2008.03.20"]
[EventType "swiss"]
[EventRounds "9"]
[EventCountry "POL"]
[SourceTitle "CBM 123 Extra"]
[Source "ChessBase"]
[SourceDate "2008.05.06"]
[SourceVersion "1"]
[SourceVersionDate "2008.05.06"]
[SourceQuality "1"]

1. e4 c5 2. Nf3 d6 3. d4 cxd4 4. Nxd4 Nf6 5. Nc3 a6 6. Be2 e5 7. Nf3 Be7 8. 0-0 0-0 9. Bg5 Nbd7 10. a4 h6 11. Bxf6 Nxf6 12. Re1 Be6 13. a5 Rc8 14. h3 Rxc3 15. bxc3 Nxe4 16. c4 Nc3 17. Qd3 Nxe2+ 18. Qxe2 Qc7 19. Nd2 Bg5 20. Red1 Rd8 21. Ra4 f5 22. Nb3 Bd7 23. Rb4 Bc6 24. Rb6 Qe7 25. Re1 Re8 26. Qh5 Kh7 27. Nd4 Be4 28. Nf3 Bf6 29. Nd2 g6 30. Qd1 Bc6 31. Nb3 Qd7 32. Qd2 e4 33. Nd4 Bg5 34. Qb4 Bd8 35. Rb1 e3 36. Nxc6 Bxb6 37. Qxb6 e2 38. Nd4 e1Q+ 39. Rxe1 Rxe1+ 40. Kh2 Qe7 41. Nf3 Re2 42. c3 Re4 43. Qb3 Qc7 44. Nd4 d5+ 45. g3 dxc4 46. Qb4 f4 47. Qf8 fxg3+ 48. fxg3 Re3 49. Qf2 Rxc3 50. Ne6 Qe7 51. Nf8+ Kg8 52. Nxg6 Qf7 53. Nf4 Qf5 54. Qe1 Rc2+ 55. Ng2 Kf7 56. Qe3 Qf2 57. Qe4 Qxg2+ 0-1

[Event "Panevezys op 20th"]
[Site "Panevezys"]
[Date "2007.08.23"]
[Round "8"]
[White "Petrovs, Aleksandrs"]
[Black "Ziabari, Morteza"]
[Result "1/2-1/2"]
[WhiteElo "1789"]
[BlackElo "2003"]
[PlyCount "57"]
[EventDate "2007.08.18"]
[EventType "swiss"]
[EventRounds "9"]
[EventCountry "LTU"]
[SourceTitle "CBM 119 Extra"]
[Source "ChessBase"]
[SourceDate "2007.09.04"]
[SourceVersion "1"]
[SourceVersionDate "2007.09.04"]
[SourceQuality "1"]

1. e4 d6 2. d4 Nf6 3. Nc3 c6 4. g3 Qc7 5. Bg2 e5 6. Nge2 Bg4 7. 0-0 exd4 8. Qxd4 Qb6 9. Qe3 Nbd7 10. h3 Be6 11. b3 Be7 12. Kh1 0-0 13. f4 Qxe3 14. Bxe3 Nb6 15. Rad1 Rad8 16. f5 Bc8 17. a4 c5 18. g4 h6 19. Bf4 a6 20. Rd2 Ne8 21. Rfd1 Bg5 22. Kh2 Bxf4+ 23. Nxf4 Nd7 24. Rd5 b6 25. R5d2 Bb7 26. Nfd5 Kh8 27. Kg3 Kh7 28. h4 Ra8 29. Bf3 1/2-1/2

[Event "Plunge op-B 28th"]
[Site "Plunge"]
[Date "2007.07.18"]
[Round "4.1"]
[White "Petrovs, Aleksandrs"]
[Black "Petrauskas, Saulius"]
[Result "0-1"]
[WhiteElo "1789"]
[BlackElo "1987"]
[PlyCount "62"]
[EventDate "2007.07.16"]
[EventType "swiss"]
[EventRounds "9"]
[EventCountry "LTU"]
[SourceTitle "EXT 2024"]
[Source "ChessBase"]
[SourceDate "2023.10.10"]
[SourceVersion "1"]
[SourceVersionDate "2023.10.10"]
[SourceQuality "1"]

1. e4 c6 2. d4 d5 3. Nd2 dxe4 4. Nxe4 Nf6 5. Ng3 e6 6. Nf3 Nbd7 7. Bd3 c5 8. 0-0 Be7 9. Qe2 cxd4 10. Nxd4 Nc5 11. Bb5+ Kf8 12. Rd1 Bd7 13. b4 a6 14. Bxd7 Ncxd7 15. a3 Qc8 16. c4 Nb6 17. c5 Nbd5 18. Bb2 h5 19. h3 Rh6 20. Rac1 h4 21. Nf1 Rg6 22. Qf3 e5 23. Nf5 e4 24. Nxe7 Nxe7 25. Qb3 Nh5 26. Be5 Qf5 27. Bh2 e3 28. Qxe3 Nd5 29. Qd3 Rxg2+ 30. Kh1 Qxf2 31. Qxd5 Rxh2+ 0-1

[Event "Baltija Cup op 4th"]
[Site "Palanga"]
[Date "2007.06.16"]
[Round "1"]
[White "Petrovs, Aleksandrs"]
[Black "Vaitonis, Vytautas"]
[Result "0-1"]
[WhiteElo "1798"]
[BlackElo "2117"]
[PlyCount "66"]
[EventDate "2007.06.16"]
[EventType "swiss"]
[EventRounds "8"]
[EventCountry "LTU"]
[SourceTitle "EXT 2022"]
[Source "ChessBase"]
[SourceDate "2021.10.06"]
[SourceVersion "1"]
[SourceVersionDate "2021.10.06"]
[SourceQuality "1"]

1. e4 c5 2. Nf3 Nc6 3. d4 cxd4 4. Nxd4 Qb6 5. Nb3 Qc7 6. Be2 Nf6 7. Nc3 e6 8. 0-0 Be7 9. Be3 0-0 10. f4 d6 11. Bf3 Rd8 12. Qe1 Bd7 13. Qg3 Bf8 14. Rf2 Be8 15. Rd1 a6 16. f5 Ne5 17. fxe6 fxe6 18. Be2 Bg6 19. Bg5 Be7 20. Bxf6 Bxf6 21. h4 Qe7 22. Rxf6 Qxf6 23. h5 Bf7 24. Rf1 Qh6 25. Nd4 Re8 26. Rf4 Bxh5 27. Rh4 Qg6 28. Qh3 Bxe2 29. Ncxe2 h6 30. Nf4 Qxe4 31. Nfxe6 Qe1+ 32. Kh2 Ng6 33. Rh5 Qe4 0-1

[Event "Lubuska Wiosna op 3rd"]
[Site "Gorzow Wielkopolski"]
[Date "2007.04.09"]
[Round "7"]
[White "Petrovs, Aleksandrs"]
[Black "Starczewska, Dominika"]
[Result "1-0"]
[WhiteElo "1798"]
[BlackElo "1754"]
[PlyCount "91"]
[EventDate "2007.04.06"]
[EventType "swiss"]
[EventRounds "9"]
[EventCountry "POL"]
[SourceTitle "EXT 2011"]
[Source "ChessBase"]
[SourceDate "2010.11.26"]
[SourceVersion "1"]
[SourceVersionDate "2010.11.26"]
[SourceQuality "1"]

1. e4 c5 2. Nf3 Nc6 3. d4 cxd4 4. Nxd4 Nf6 5. Nc3 e5 6. Ndb5 d6 7. Bg5 a6 8. Na3 b5 9. Nd5 Be7 10. Bxf6 Bxf6 11. c3 Bg5 12. Nc2 Ne7 13. Nce3 Bxe3 14. Nxe3 Be6 15. a4 Rb8 16. axb5 axb5 17. Be2 0-0 18. 0-0 d5 19. exd5 Nxd5 20. Nxd5 Qxd5 21. Qxd5 Bxd5 22. Ra5 Bc6 23. Rd1 Rfd8 24. f3 Rxd1+ 25. Bxd1 g6 26. Be2 Kg7 27. Kf2 h5 28. b3 Rb7 29. c4 bxc4 30. Bxc4 f6 31. Rc5 Be8 32. Ke3 Bf7 33. Kd3 g5 34. Kc3 g4 35. b4 gxf3 36. gxf3 Bxc4 37. Kxc4 Rd7 38. Rd5 Rc7+ 39. Rc5 Rd7 40. b5 Rd2 41. b6 Rb2 42. Rb5 Rc2+ 43. Kd5 Kf7 44. b7 Rd2+ 45. Ke4 Rd4+ 46. Ke3 1-0